Títulos de crédito : Letra de cambio, pagaré y cheque /
Obligación cambiaria
Guardado en:
| Autor Principal: | |
|---|---|
| Formato: | Libro |
| Idioma: | Spanish |
| Publicado: |
Buenos Aires :
Astrea,
2004
|
| Edición: | 8ª ed. act. y amp. |
| Etiquetas: |
Agregar Etiqueta
Sin Etiquetas, Sea el primero en etiquetar este registro!
|
| LEADER | 00741nam a22002295a 4500 | ||
|---|---|---|---|
| 001 | DER.der000055 | ||
| 005 | 20190905095409.0 | ||
| 008 | 180615s2004####ag#||||||||||||||#||spa|| | ||
| 020 | |a 950-508-639-3 | ||
| 100 | 1 | |a Escuti, Ignacio A. | |
| 245 | 1 | 0 | |a Títulos de crédito : |b Letra de cambio, pagaré y cheque / |c Ignacio A. Escuti |
| 250 | |a 8ª ed. act. y amp. | ||
| 260 | |a Buenos Aires : |b Astrea, |c 2004 | ||
| 300 | |a 471 p. | ||
| 520 | |a Obligación cambiaria | ||
| 520 | |a Letra hipotecaria y securitización | ||
| 520 | |a Pagarés hipotecario y prendario | ||
| 520 | |a Endoso | ||
| 520 | |a Garantías | ||
| 520 | |a Cheques común y de pago diferido | ||
| 520 | |a Régimen internacional | ||
| 859 | |a DERECHO |b BIB. DERECHO |h 346.096 |i ESC |k 37 |p 000867 | ||
